000 00526nam a2200193Ia 4500
008 151121s9999||||xx |||||||||||||| ||und||
082 _a813/खरे
082 _bHNW-118068
100 _aखरे नंदा
245 _aउद्या
260 _b"मनोविकास प्रकाशन, पुणे।"
260 _c2015
300 _a285
600 _aखरे नंदा
630 _aउद्या
700 _aखरे नंदा
730 _aउद्या
942 _cBOOK
999 _c1265620
_d1265617